Catálogo
 En Linea

Centenario de Gilberto Hernández Ortega 1923-2023 / (Registro nro. 58837)

Detalles MARC
000 -CABECERA
campo de control de longitud fija 02673nam a2200373 i 4500
003 - IDENTIFICADOR DEL NÚMERO DE CONTROL
campo de control DO-SdBNP
005 - FECHA Y HORA DE LA ÚLTIMA TRANSACCIÓN
campo de control 20260305074000.0
007 - CAMPO FIJO DE DESCRIPCIÓN FÍSICA--INFORMACIÓN GENERAL
campo de control de longitud fija ta
008 - DATOS DE LONGITUD FIJA--INFORMACIÓN GENERAL
campo de control de longitud fija 250516b2024 dr a|||| |||| 00| 0 spa d
020 ## - NÚMERO INTERNACIONAL ESTÁNDAR DEL LIBRO
Número Internacional Estándar del Libro 9789945251210
040 ## - FUENTE DE LA CATALOGACIÓN
Centro catalogador/agencia de origen DO-SdBNP
Lengua de catalogación spa
Centro/agencia transcriptor BNPHU
Normas de descripción rda
041 ## - CÓDIGO DE LENGUA
Código de lengua del texto/banda sonora o título independiente spa
082 #4 - NÚMERO DE LA CLASIFICACIÓN DECIMAL DEWEY
Número de clasificación xxx
Número de documento/Ítem G377ce
Número de edición 22
100 1# - ENTRADA PRINCIPAL--NOMBRE DE PERSONA
Nombre de persona Gerón, Candido,
Fechas asociadas al nombre 1948-
Término indicativo de función/relación autor
Código de función/relación aut.
9 (RLIN) 3577
245 10 - MENCIÓN DE TÍTULO
Título Centenario de Gilberto Hernández Ortega 1923-2023 /
Mención de responsabilidad, etc. Cándido Gerón ; cuidado de edición, Cándido Gerón ; diseño general, Alexander Araujo Batista ; colaboradores, Gilberto Hernández hijo y Juan Julio Bodden ; fotografías, Gilberto Hernández hijo y Mariano Hernández.
250 ## - MENCIÓN DE EDICIÓN
Mención de edición Primera edición
264 #4 - PRODUCCIÓN, PUBLICACIÓN, DISTRIBUCIÓN, FABRICACIÓN Y COPYRIGHT
Producción, publicación, distribución, fabricación y copyright Santo Domingo :
Nombre del de productor, editor, distribuidor, fabricante Archivo General de la Nación,
Fecha de producción, publicación, distribución, fabricación o copyright ©2024.
300 ## - DESCRIPCIÓN FÍSICA
Extensión 169 páginas :
Otras características físicas ilustraciones, fotografías ;
Dimensiones 31 cm.
336 ## - TIPO DE CONTENIDO
Término de tipo de contenido texto
Código de tipo de contenido txt
Fuente rdacontent
337 ## - TIPO DE MEDIO
Nombre/término del tipo de medio sin mediación
Código del tipo de medio n
Fuente rdamedia
338 ## - TIPO DE SOPORTE
Nombre/término del tipo de soporte volumen
Código del tipo de soporte nc
Fuente rdacarrier
490 0# - MENCIÓN DE SERIE
Mención de serie Publicaciones del Archivo General de la Nación ;
Designación de volumen o secuencia 527
500 ## - NOTA GENERAL
Nota general Incluye datos biográficos del autor en las solapas
505 ## - NOTA DE CONTENIDO CON FORMATO
Nota de contenido con formato Introducción, 14.-- Gilberto Hernández Ortega y el paraíso de lo inefable, 36.-- Artículos, 64.-- Exposición bienal de las artes plásticas. Manuel Valldeperes, 65.-- En el Salón de las Bellas Artes de Ciudad Trujillo. Gilberto Hernández Ortega, expone esta vez pinturas. Jacinto Gimbernard (padre), 68.-- Hernández Ortega en la Galería Nacional. Manuel Valldeperes, 70.-- Gilberto Hernández Ortega. Un pintor con ojos de poeta. Antonio Fernández Spencer, 76.-- Suro y su mensaje pictórico. Antonio Fernández Spencer, 80.-- Cinco óleos de Hernández Ortega. Jacinto Gimbernard (padre), 84.-- Pintor dice que América ha de glorificar sus valores. P. A. Reyes-Vargas, 89.-- La exposición de G. Hernández Ortega. Freddy Miller, 94.-- En torno a la pintura de G. Hernández Ortega. Francisco Antonio Cruz, 100.-- La exposición de G. Hernández Ortega. José Manuel Gómez du-Breil, 105.-- Gilberto Hernández Ortega. Manuel Valerio, 110.-- Gilberto Hernández Ortega en la Galería de Bellas Artes. Franklin Mieses Burgos, 116.-- Homenaje a Hernández Ortega. Freddy Gatón Arce, 122.-- Biografía, 169.
590 ## - NOTA LOCAL (RLIN)
Nota local Inventariado, 2025 LP
700 1# - PUNTO DE ACCESO ADICIONAL--NOMBRE DE PERSONA
Nombre de persona Araujo Batista, Alexander
Término indicativo de función/relación diseñador
Código de función/relación di.
9 (RLIN) 87788
700 1# - PUNTO DE ACCESO ADICIONAL--NOMBRE DE PERSONA
Nombre de persona Gerón, Cándido,
Término indicativo de función/relación editor
Código de función/relación ed.
9 (RLIN) 82130
700 1# - PUNTO DE ACCESO ADICIONAL--NOMBRE DE PERSONA
Nombre de persona Hernández, Gilberto (hijo)
Término indicativo de función/relación colaborador
Código de función/relación col.
9 (RLIN) 87789
700 1# - PUNTO DE ACCESO ADICIONAL--NOMBRE DE PERSONA
Nombre de persona Bodden, Juan Julio
Término indicativo de función/relación colaborador
Código de función/relación col.
9 (RLIN) 87790
700 1# - PUNTO DE ACCESO ADICIONAL--NOMBRE DE PERSONA
Nombre de persona Hernández, Mariano
Término indicativo de función/relación fotógrafo
Código de función/relación fot.
700 1# - PUNTO DE ACCESO ADICIONAL--NOMBRE DE PERSONA
Nombre de persona Hernández, Mariano
Término indicativo de función/relación fotógrafo
Código de función/relación fot.
910 ## - DATOS DE OPCIÓN DEL USUARIO (OCLC)
Datos de opción del usuario LP
942 ## - ELEMENTOS DE PUNTO DE ACCESO ADICIONAL (KOHA)
Fuente del sistema de clasificación o colocación Dewey Decimal Classification
Tipo de ítem Koha Libro
Existencias
Estado de retiro Estado de pérdida Fuente del sistema de clasificación o colocación Restricciones de uso No para préstamo Código de colección Localización permanente Ubicación/localización actual Ubicación en estantería Fecha de adquisición Fuente de adquisición Total de préstamos Signatura topográfica completa Código de barras Fecha visto por última vez Precio válido a partir de Tipo de ítem Koha Número de copia
    Dewey Decimal Classification Excluido de préstamo   Patrimonio Dominicano Biblioteca Nacional Pedro Henríquez Ureña Biblioteca Nacional Pedro Henríquez Ureña En catalogación 27.03.2025 Depósito Legal   xxx G377ce 2025-3748 28.04.2025 28.04.2025 Libro  
    Dewey Decimal Classification Excluido de préstamo   Patrimonio Dominicano Biblioteca Nacional Pedro Henríquez Ureña Biblioteca Nacional Pedro Henríquez Ureña En catalogación 27.03.2025 Depósito Legal   xxx G377ce 2025-3749 28.04.2025 28.04.2025 Libro e.2
    Dewey Decimal Classification Préstamo en sala   Dominicana de Servicio Biblioteca Nacional Pedro Henríquez Ureña Biblioteca Nacional Pedro Henríquez Ureña En catalogación 27.03.2025 Depósito Legal   xxx G377ce 2025-3750 28.04.2025 28.04.2025 Libro e.3

Con tecnología Koha